Redín: soldado y misionero, 1597-1651
Salvato in:
| Autore principale: | |
|---|---|
| Natura: | Libro |
| Lingua: | spagnolo |
| Pubblicazione: |
Madrid
Espasa Calpe
1951
|
| Soggetti: | |
| Tags: |
Aggiungi Tag
Nessun Tag, puoi essere il primo ad aggiungerne!!
|
MARC
| LEADER | 00000nam a2200000 a 4500 | ||
|---|---|---|---|
| 001 | UCI6199 | ||
| 003 | CL-VaPUC | ||
| 008 | 080425e19510000SP |||||||||||||||||spa|d | ||
| 082 | 0 | 4 | |a 923.5 |b ASP |2 21 |
| 100 | |a Aspurz, Lázaro de |e author |9 528914 | ||
| 245 | 1 | 0 | |a Redín: soldado y misionero, 1597-1651 |
| 300 | |a 297 p | ||
| 942 | |c BK | ||
| 945 | |d 20080425 00:00:00 |a rbrito | ||
| 260 | |a Madrid |b Espasa Calpe |c 1951 | ||
| 500 | |a Donación Padres Capuchinos | ||
| 600 | 0 | 7 | |a REDIN, TIBURCIO DE |2 CL-VaPUC |9 528915 |
| 650 | 0 | |a Biografías |9 255210 | |
| 650 | 7 | |a EXPEDICIONES |2 CL-VaPUC |9 268484 | |
| 650 | 0 | |a Militares |9 336881 | |
| 651 | 0 | |a España |9 254926 | |
| 583 | |a last modification |c 20080425 00:00:00 |k Rodrigo Vera | ||
| 999 | |c 329736 |d 329734 | ||
| 952 | |0 0 |1 0 |4 0 |6 923_500000000000000_ASP_1951 |7 0 |8 X |9 414770 |a FDOBUD |b FDOBUD |d 2019-11-22 |i 4431669 |o 923.5 ASP 1951 |p 4431669 |r 2019-11-22 |w 2019-11-22 |y BK_X |k BUD | ||